000 02050nam a22003137a 4500
999 _c59904
_d59904
003 Ge_BSU
005 20230510092540.0
008 230510s2018 ge ||||| |||| 00| 0 geo d
020 _a9789941805943
041 _ageo
080 _a903.5(479.22) ფ-70
245 _aფიქრის გორის სამაროვანი /
_cნიკოლოზ მაისურაშვილი, ქეთევან დიღმელაშვილი, მარიკა მშვილდაძე [და სხვ.] ; მთ. რედაქტორი ნიკოლოზ ანთიძე; საქ. კულტურული მემკვიდრეობის დაცვის ეროვნული სააგენტო.
264 _aთბილისი,
_c 2018.
300 _a188 გვ. :
_bტაბ. ;
_c30 სმ.
501 _aტაბულები: გვ. 109-188.
504 _aბიბლიოგრ.: გვ. 102-105.
520 _aრეზიუმე ინგლ. ენაზე.
653 _aსამარხები საქართველოში
700 _aმაისურაშვილი, ნიკოლოზ
_eავტორი.
_918045
700 _aდიღმელაშვილი, ქეთევან
_eავტორი
_913512
700 _aმშვილდაძე, მარიკა
_eავტორი
_915413
700 _aწოწელია, მედეა
_eავტორი.
_918046
700 _aკობერიძე, კობა
_eავტორი.
_918047
700 _aჯანაშვილი, ნინო
_eავტორი.
_918048
700 _aჩადუნელი, ნიკოლოზ
_eავტორი
_918049
700 _aანთიძე, ნიკოლოზ
_eრედაქტორი
_917652
710 _aსაქ. კულტურული მემკვიდრეობის დაცვის ეროვნული სააგენტო.
_917655
942 _2udc
_cBK